| 000 | 01041nam a22002297a 4500 | ||
|---|---|---|---|
| 003 | BUBTL | ||
| 008 | 231205b ||||| |||| 00| 0 eng d | ||
| 020 | _a9844654084 | ||
| 082 |
_222 nd _a954.92052 / Sh139s / 2004 |
||
| 100 |
_aশহীদুল্লাহ, কাজী. _95618 |
||
| 245 |
_aশহীদ বুদ্ধিজীবী স্মারক বক্তৃতা / _cকাজী শহীদুল্লাহ |
||
| 250 | _a১ম সংস্করণ | ||
| 260 |
_aঢাকা: _bসাহিত্য প্রকাশ, _c২০০৪ |
||
| 300 |
_a112 পৃ.: _b; _c27 সিএম. |
||
| 505 | _aশহীদ বুদ্ধিজীবী স্মারক বক্তৃতা | ||
| 521 |
_aBengali literature, Business, Social Sciences, Economics, English Literature _bPurchase |
||
| 526 | _aBengali literature, Business, Social Sciences, Economics, English Literature | ||
| 546 | _aBengali Language | ||
| 650 |
_aSpeech , , বক্তৃতা _95619 |
||
| 856 |
_k0 _l0 _yDownload |
||
| 942 |
_2ddc _cBK |
||
| 999 |
_c7178 _d7178 |
||